Statistics for FIFA Ballon D'Or 2017

Click here to take the quiz!

General Stats

  • This quiz has been taken 338 times
  • The average score is 21 of 30

Answer Stats

RankPlayerClub% Correct
1Cristiano RonaldoReal Madrid
100%
2Lionel MessiBarcelona
100%
3NeymarParis Saint Germain
99%
5Luka ModricReal Madrid
95%
10Harry KaneTottenham Hotspurs
90%
6Sergio RamosReal Madrid
90%
17Toni KroosReal Madrid
87%
7Kylian MbappéParis Saint Germain
86%
4Gianluigi BuffonJuventus
85%
25Karim BenzemaReal Madrid
85%
9Robert LewandowskiBayern Munich
84%
19Eden HazardChelsea
78%
11Edinson CavaniParis Saint Germain
75%
13Luis SuarezBarcelona
75%
14Kevin De BruyneManchester City
74%
16MarceloReal Madrid
73%
18Antoine GriezmannAtletico Madrid
72%
23Sadio ManéLiverpool
72%
8N'Golo KantéChelsea
69%
15Paulo DybalaJuventus
69%
12IscoReal Madrid
51%
24Radamel FalcaoAS Monaco
46%
30Dries MertensNapoli
45%
21Pierre-Emerick AubameyangBorussia Dortmund
45%
20David De GeaManchester United
43%
26Jan OblakAtletico Madrid
37%
28Edin DzekoAS Roma
36%
27Mats HummelsBayern Munich
36%
22Leonardo BonucciAC Milan
35%
29Phillipe CoutinhoLiverpool
35%

Score Distribution

Percentile by Number Answered

Percent of People with Each Score

Your Score History

You have not taken this quiz